000 00802nam a2200229Ia 4500
005 20250108125114.0
008 008 250107s9999 xx 000 0 hin d
020 _a978-93-5009-00-3
037 _aTB
040 _aCRL
_bhin
_cCRL
041 _ahin
_2hin
084 _az44 152R3
084 _qCRL
100 _aरसाल सिंह, ले.
245 0 _aभारतीयता का काव्य भक्तिकाव्य
_cरसाल सिंह, ले.
260 _aनई दिल्ली, भारत
_bवाणी प्रकाशन
_c3330
300 _a248पृ0
365 _aINR
_b850
650 _aहिन्दी कविताहिन्दी साहित्य
_9729733
942 _cTB
_hz44 152R3
999 _c1235718
_d1235718